One Direction Quiz Stats

 Plays Quiz not verified by Sporcle

Score 0/23 Timer 05:00
0 Plays Today
Hint Answer % Correct
What is Niall's middle name?James
97.9%
What is Liam's middle name?James
97.9%
What is Harry's middle name?Edward
97.4%
What is Louis's middle name?William
96.9%
Louis likes girls who eat ______.Carrots
95.9%
BradfordZayn
95.9%
DoncasterLouis
95.4%
CheshireHarry
95.4%
MullingarNiall
95.4%
WolverhamptonLiam
94.9%
What is Zayn's middle name?Jawaad
94.4%
What is Niall's favorite color?Green
92.3%
Hint Answer % Correct
Liam's?Purple
90.3%
Zayn's?Blue
89.7%
What color is Niall's natural hair?Brown
87.7%
What is Harry's favorite animal?Cat
87.7%
Louis's?Red
87.2%
Harry's?Orange
86.7%
Vas ________?Happenin
82.6%
Simple, but _________effective
68.2%
I drank too much ______ _____!Energy juice
46.7%
STOP HAVING ________ ________Curly Hair
37.9%
What is Niall's favorite animal?Giraffe
33.8%

You're not logged in!

Compare scores with friends on all Sporcle quizzes.
OR
Log In

Show Comments

Extras

Created Mar 24, 2014ReportNominate
Tags:direction, One Direction, secret

Top Quizzes Today


Score Distribution

Your Account Isn't Verified!

In order to create a playlist on Sporcle, you need to verify the email address you used during registration. Go to your Sporcle Settings to finish the process.

Report this User

Report this user for behavior that violates our Community Guidelines.

Details: